|
|
|
|
| LEADER |
00000cam a2200000 7i4500 |
| 001 |
0000094246 |
| 005 |
20240901104238.0 |
| 020 |
|
|
|a 9789384625177 (
|q paperback)
|
| 040 |
|
|
|e rda
|
| 041 |
|
|
|a English
|
| 090 |
0 |
0 |
|a JF
|b ENG
|
| 245 |
0 |
0 |
|a Thumbelina
|
| 264 |
|
1 |
|a India :
|b Om Books International
|c 2015
|
| 300 |
|
|
|a 32 pages :
|b colour illustration ;
|c 22 cm.
|
| 336 |
|
|
|a text
|2 rdacontent
|
| 337 |
|
|
|a unmediated
|2 rdamedia
|
| 338 |
|
|
|a volume
|2 rdacarrier
|
| 490 |
1 |
|
|a All set to read series
|v Level 5
|
| 500 |
|
|
|a Children ages 7-9 years old (orange)
|
| 541 |
|
|
|c Purchased on 2024
|f 2116-24 ARI
|h RM27.50
|
| 650 |
|
0 |
|a Children's stories,English
|
| 999 |
|
|
|a 0001774251
|b Book
|c Children Collection
|e Desa - PPAJ
|
| 999 |
|
|
|a 0001774252
|b Book
|c Children Collection
|e Desa - PPAJ
|
| 999 |
|
|
|a 0001774253
|b Book
|c Children Collection
|e Desa - PPAJ
|
| 999 |
|
|
|a 0001774254
|b Book
|c Children Collection
|e Desa - PPAJ
|
| 999 |
|
|
|a 0001774255
|b Book
|c Children Collection
|e Desa - PPAJ
|
| 999 |
|
|
|a 0001774256
|b Book
|c Children Collection
|e Desa - PPAJ
|
| 999 |
|
|
|a 0001774257
|b Book
|c Children Collection
|e Desa - PPAJ
|
| 999 |
|
|
|a 0001774258
|b Book
|c Children Collection
|e Desa - PPAJ
|
| 999 |
|
|
|a 0001774259
|b Book
|c Children Collection
|e Desa - PPAJ
|
| 999 |
|
|
|a 0001774260
|b Book
|c Children Collection
|e Desa - PPAJ
|
| 999 |
|
|
|a 0001774261
|b Book
|c Children Collection
|e Desa - PPAJ
|
| 999 |
|
|
|a 0001774262
|b Book
|c Children Collection
|e Desa - PPAJ
|
| 999 |
|
|
|a 0001774263
|b Book
|c Children Collection
|e Desa - PPAJ
|
| 999 |
|
|
|a 0001774264
|b Book
|c Children Collection
|e Desa - PPAJ
|
| 999 |
|
|
|a 0001774265
|b Book
|c Children Collection
|e Desa - PPAJ
|
| 999 |
|
|
|a 0001774266
|b Book
|c Children Collection
|e Desa - PPAJ
|
| 999 |
|
|
|a 0001774267
|b Book
|c Children Collection
|e Desa - PPAJ
|
| 999 |
|
|
|a 0001774268
|b Book
|c Children Collection
|e Desa - PPAJ
|
| 999 |
|
|
|a 0001774269
|b Book
|c Children Collection
|e Desa - PPAJ
|
| 999 |
|
|
|a 0001774270
|b Book
|c Children Collection
|e Desa - PPAJ
|
| 999 |
|
|
|a 0001774271
|b Book
|c Children Collection
|e Desa - PPAJ
|
| 999 |
|
|
|a 0001774272
|b Book
|c Children Collection
|e Desa - PPAJ
|
| 999 |
|
|
|a 0001774273
|b Book
|c Children Collection
|e Desa - PPAJ
|
| 999 |
|
|
|a 0001774274
|b Book
|c Children Collection
|e Desa - PPAJ
|
| 999 |
|
|
|a 0001774275
|b Book
|c Children Collection
|e Desa - PPAJ
|
| 999 |
|
|
|a 0001774276
|b Book
|c Children Collection
|e Desa - PPAJ
|
| 999 |
|
|
|a 0001774277
|b Book
|c Children Collection
|e Desa - PPAJ
|
| 999 |
|
|
|a 0001774278
|b Book
|c Children Collection
|e Desa - PPAJ
|
| 999 |
|
|
|a 0001774279
|b Book
|c Children Collection
|e Desa - PPAJ
|
| 999 |
|
|
|a 0001774280
|b Book
|c Children Collection
|e Desa - PPAJ
|
| 999 |
|
|
|a 0001774281
|b Book
|c Children Collection
|e Desa - PPAJ
|
| 999 |
|
|
|a 0001774282
|b Book
|c Children Collection
|e Desa - PPAJ
|
| 999 |
|
|
|a 0001774283
|b Book
|c Children Collection
|e Desa - PPAJ
|
| 999 |
|
|
|a 0001774284
|b Book
|c Children Collection
|e Desa - PPAJ
|
| 999 |
|
|
|a 0001774285
|b Book
|c Children Collection
|e Desa - PPAJ
|
| 999 |
|
|
|a 0001774286
|b Book
|c Children Collection
|e Desa - PPAJ
|
| 999 |
|
|
|a 0001774287
|b Book
|c Children Collection
|e Desa - PPAJ
|
| 999 |
|
|
|a 0001774288
|b Book
|c Children Collection
|e Desa - PPAJ
|
| 999 |
|
|
|a 0001774289
|b Book
|c Children Collection
|e Desa - PPAJ
|
| 999 |
|
|
|a 0001774290
|b Book
|c Children Collection
|e Desa - PPAJ
|
| 999 |
|
|
|a 0001774291
|b Book
|c Children Collection
|e Desa - PPAJ
|
| 999 |
|
|
|a 0001776584
|b Book
|c Children Collection
|e Perbadanan Perpustakaan Awam Johor
|
| 999 |
|
|
|a 0001776585
|b Book
|c Children Collection
|e Cawangan Urban Transformation Centre
|
| 999 |
|
|
|a 0001776586
|b Book
|c Children Collection
|e Cawangan AEON Kulaijaya
|
| 999 |
|
|
|a 0001776587
|b Book
|c Children Collection
|e Cawangan Bandar Tenggara
|
| 999 |
|
|
|a 0001776588
|b Book
|c Children Collection
|e Cawangan Pontian
|
| 999 |
|
|
|a 0001776589
|b Book
|c Children Collection
|e Cawangan Tmn. Ungku Tun Aminah
|
| 999 |
|
|
|a 0001776590
|b Book
|c Children Collection
|e Cawangan Batu Pahat
|
| 999 |
|
|
|a 0001776591
|b Book
|c Children Collection
|e Cawangan Mersing
|
| 999 |
|
|
|a 0001776592
|b Book
|c Children Collection
|e Perbadanan Perpustakaan Awam Johor
|
| 999 |
|
|
|a 0001776593
|b Book
|c Children Collection
|e Cawangan Taman Sri Lambak
|
| 999 |
|
|
|a 0001776594
|b Book
|c Children Collection
|e Cawangan Segamat
|
| 999 |
|
|
|a 0001776595
|b Book
|c Children Collection
|e Cawangan Kota Tinggi
|
| 999 |
|
|
|a 0001776596
|b Book
|c Children Collection
|e Cawangan Bandar Penawar
|
| 999 |
|
|
|a 0001776597
|b Book
|c Children Collection
|e Cawangan Tangkak
|
| 999 |
|
|
|a 0001776598
|b Book
|c Children Collection
|e Cawangan Muar
|
| 999 |
|
|
|a 0001776599
|b Book
|c Children Collection
|e Cawangan Taman Universiti
|
| 999 |
|
|
|a 0001776600
|b Book
|c Children Collection
|e Cawangan Bukit Gambir
|